One Word Movies: Adam Sandler Quiz Stats

 Plays Quiz Updated Jul 3, 2014

Challenge
Share
Tweet
Embed
Score 0/8 Timer 02:00
0 Plays Today
Year Movies % Correct
2006Click
86.1%
2004Spanglish
43.5%
2015Pixels
39%
1994Airheads
31.9%
2014Blended
21.2%
1993Coneheads
20.3%
1996Bulletproof
20.2%
2011Zookeeper
12.4%

You're not logged in!

Compare scores with friends on all Sporcle quizzes.
OR
Log In

You Might Also Like...

Show Comments

Extras

Top Quizzes Today


Score Distribution

Your Account Isn't Verified!

In order to create a playlist on Sporcle, you need to verify the email address you used during registration. Go to your Sporcle Settings to finish the process.

Report this User

Report this user for behavior that violates our Community Guidelines.

Details: